[Event "Bad Pyrmont Pape op-A 2nd"]
[Site "Bad Pyrmont"]
[Date "2023.08.11"]
[Round "2"]
[White "Reins, Henning"]
[Black "Muendoerfer, Sebastian"]
[Result "1/2-1/2"]
[WhiteElo "1942"]
[BlackElo "1681"]
[PlyCount "81"]
[EventDate "2023.08.10"]
[EventType "swiss"]
[EventRounds "7"]
[EventCountry "GER"]
[SourceTitle "EXT 2024"]
[Source "ChessBase"]
[SourceDate "2023.10.10"]
[SourceVersion "1"]
[SourceVersionDate "2023.10.10"]
[SourceQuality "1"]

1. e4 c5 2. b3 d6 3. Bb2 Nf6 4. Nc3 g6 5. Bb5+ Bd7 6. Qe2 Bg7 7. f4 0-0 8. e5 dxe5 9. fxe5 Ng4 10. Nf3 Nc6 11. Bxc6 Bxc6 12. 0-0-0 Bxf3 13. gxf3 Nxe5 14. h4 h5 15. Rdg1 Nc6 16. f4 Nd4 17. Qc4 e6 18. Qxc5 Nf3 19. Rg2 Nxh4 20. Rgg1 Nf5 21. Qb5 b6 22. Qe2 h4 23. Kb1 Re8 24. Rh3 e5 25. fxe5 Bxe5 26. Qg4 Bg7 27. Rf3 Nh6 28. Qf4 Nf5 29. Qg4 Nh6 30. Qf4 Nf5 31. Ne4 Rxe4 32. Qxe4 Ng3 33. Qc4 Qe7 34. Re3 Qg5 35. Qc7 Bxb2 36. Kxb2 Qc5 37. Qf4 Nf5 38. Ree1 Qd4+ 39. Qxd4 Nxd4 40. Re4 Nf3 41. Rh1 1/2-1/2

[Event "Bad Pyrmont Pape op-A 2nd"]
[Site "Bad Pyrmont"]
[Date "2023.08.10"]
[Round "1"]
[White "Muendoerfer, Sebastian"]
[Black "Sereda, Yaroslava"]
[Result "1/2-1/2"]
[WhiteElo "1681"]
[BlackElo "1925"]
[PlyCount "83"]
[EventDate "2023.08.10"]
[EventType "swiss"]
[EventRounds "7"]
[EventCountry "GER"]
[SourceTitle "EXT 2024"]
[Source "ChessBase"]
[SourceDate "2023.10.10"]
[SourceVersion "1"]
[SourceVersionDate "2023.10.10"]
[SourceQuality "1"]

1. d4 d5 2. c4 e6 3. Nc3 Nf6 4. cxd5 exd5 5. Bg5 Be7 6. e3 Nbd7 7. Qc2 0-0 8. Bd3 h6 9. Bh4 c6 10. Nf3 Re8 11. 0-0 Ne4 12. Bxe7 Qxe7 13. Rab1 a5 14. a3 Nd6 15. Ne2 Ne4 16. b4 Qd6 17. b5 cxb5 18. Bxb5 Qxa3 19. Bxd7 Bxd7 20. Rxb7 Rec8 21. Qb3 Qxb3 22. Rxb3 Rc2 23. Nf4 a4 24. Ra3 Bb5 25. Rfa1 Bc4 26. Nh3 Kh7 27. Ne5 Bb3 28. Nd7 Nd2 29. g3 Rac8 30. Nb6 Rb8 31. Nd7 Rd8 32. Nc5 Nc4 33. Rxb3 axb3 34. Nxb3 Rb8 35. Nc5 Rbb2 36. Nd3 Rb3 37. Nc5 Rb8 38. Nf4 Rcb2 39. Nxd5 Rb1+ 40. Rxb1 Rxb1+ 41. Kg2 f5 42. Nf4 1/2-1/2

[Event "Verden op-A"]
[Site "Verden"]
[Date "2023.01.07"]
[Round "5"]
[White "Muendoerfer, Sebastian"]
[Black "Poelig, Juergen"]
[Result "1/2-1/2"]
[WhiteElo "1494"]
[BlackElo "1816"]
[PlyCount "28"]
[EventDate "2023.01.05"]
[EventType "swiss"]
[EventRounds "7"]
[EventCountry "GER"]
[SourceTitle "CBM 212 Extra"]
[Source "ChessBase"]
[SourceDate "2023.03.31"]
[SourceVersion "1"]
[SourceVersionDate "2023.03.31"]
[SourceQuality "1"]

1. d4 e6 2. c4 d5 3. Nc3 c5 4. cxd5 exd5 5. Nf3 Nc6 6. dxc5 d4 7. Na4 Bxc5 8. Nxc5 Qa5+ 9. Bd2 Qxc5 10. Rc1 Qb6 11. e3 Nf6 12. Nxd4 Nxd4 13. exd4 Qxd4 14. Bc3 Qxd1+ 1/2-1/2

[Event "Verden op-A"]
[Site "Verden"]
[Date "2023.01.05"]
[Round "1"]
[White "Langer, Michael Sebastian"]
[Black "Muendoerfer, Sebastian"]
[Result "1-0"]
[WhiteElo "1900"]
[BlackElo "1494"]
[PlyCount "75"]
[EventDate "2023.01.05"]
[EventType "swiss"]
[EventRounds "7"]
[EventCountry "GER"]
[SourceTitle "CBM 212 Extra"]
[Source "ChessBase"]
[SourceDate "2023.03.31"]
[SourceVersion "1"]
[SourceVersionDate "2023.03.31"]
[SourceQuality "1"]

1. Nf3 d5 2. e3 Nf6 3. c4 dxc4 4. Bxc4 Nc6 5. d4 e6 6. 0-0 Be7 7. Nc3 0-0 8. a3 a5 9. e4 b6 10. Re1 Bb7 11. h3 Na7 12. Bf4 c6 13. a4 Bb4 14. Bg5 Be7 15. Qe2 Qc7 16. Rac1 Rfe8 17. Red1 Rad8 18. Qc2 Qb8 19. Bd3 h6 20. Bh4 Rc8 21. Bg3 Qa8 22. Qb3 Red8 23. Bc4 Bb4 24. Ne5 Bxc3 25. bxc3 b5 26. Bxe6 fxe6 27. Qxe6+ Kh8 28. Nf7+ Kh7 29. Nxd8 Rxd8 30. Qf5+ Kh8 31. e5 Ng8 32. Re1 bxa4 33. e6 c5 34. Be5 Rf8 35. Qg6 Nf6 36. e7 Rg8 37. Bxf6 gxf6 38. Qxh6# 1-0

[Event "GER-ch U12"]
[Site "Willingen"]
[Date "2022.06.05"]
[Round "2"]
[White "Schoenherr, Stijn"]
[Black "Muendoerfer, Sebastian"]
[Result "0-1"]
[WhiteElo "1254"]
[BlackElo "1254"]
[PlyCount "82"]
[EventDate "2022.06.04"]
[EventType "swiss"]
[EventRounds "9"]
[EventCountry "GER"]
[SourceTitle "CBM 208 Extra"]
[Source "ChessBase"]
[SourceDate "2022.07.31"]
[SourceVersion "1"]
[SourceVersionDate "2022.07.31"]
[SourceQuality "1"]

1. e4 c5 2. Nf3 g6 3. g3 Bg7 4. Bg2 Nc6 5. 0-0 d6 6. c3 Nf6 7. d4 0-0 8. Qe2 Bg4 9. h3 Bxf3 10. Qxf3 cxd4 11. Bf4 Nd7 12. Rd1 Nde5 13. Qe2 Qb6 14. Kh2 d3 15. Qe3 Qxb2 16. Nd2 Qxc3 17. Rdc1 Qa5 18. Rab1 Rab8 19. Nf3 Qxa2 20. Bxe5 Nxe5 21. Nxe5 Bxe5 22. f4 Bg7 23. Qxd3 b6 24. Qe3 Rbc8 25. Rxc8 Rxc8 26. Rf1 Rc2 27. Rg1 Qb2 28. f5 Bd4 29. Qf3 Bxg1+ 30. Kxg1 a5 31. fxg6 hxg6 32. Bf1 a4 33. e5 a3 34. e6 f6 35. Qa8+ Kg7 36. Qe8 Qd4+ 37. Kh1 Qe4+ 38. Kg1 Qe3+ 39. Kh1 Qf3+ 40. Kg1 Qf2+ 41. Kh1 Qh2# 0-1

[Event "GER-ch U12"]
[Site "Willingen"]
[Date "2021.08.29"]
[Round "9"]
[White "Quartz, Konstantin"]
[Black "Muendoerfer, Sebastian"]
[Result "1/2-1/2"]
[WhiteElo "1027"]
[BlackElo "1176"]
[PlyCount "62"]
[EventDate "2021.08.22"]
[EventType "swiss"]
[EventRounds "9"]
[EventCountry "GER"]
[SourceTitle "EXT 2022"]
[Source "ChessBase"]
[SourceDate "2021.10.06"]
[SourceVersion "1"]
[SourceVersionDate "2021.10.06"]
[SourceQuality "1"]

1. e4 c5 2. Nf3 g6 3. c3 Bg7 4. d4 cxd4 5. cxd4 d5 6. e5 Nc6 7. Bb5 Bd7 8. 0-0 Nh6 9. Nc3 0-0 10. h3 Rc8 11. Nxd5 Nxe5 12. Bxd7 Nxd7 13. Re1 e6 14. Bg5 f6 15. Rxe6 fxg5 16. Ne7+ Kh8 17. Nxc8 Qxc8 18. Nxg5 Nb6 19. Qd2 Nc4 20. Qc3 Bf6 21. f4 Bxg5 22. d5+ Kg8 23. fxg5 Nf5 24. Rf1 Qc5+ 25. Kh2 Qxd5 26. Rfe1 Nh4 27. R1e2 Nxg2 28. Re7 Qd6+ 29. Kxg2 Qd5+ 30. Kg3 Qd6+ 31. Kg2 Qd5+ 1/2-1/2

[Event "GER-ch U10"]
[Site "Willingen"]
[Date "2020.10.30"]
[Round "5"]
[White "Gulamzada, Elmir"]
[Black "Muendoerfer, Sebastian"]
[Result "0-1"]
[WhiteElo "1397"]
[BlackElo "1175"]
[PlyCount "70"]
[EventDate "2020.10.26"]
[EventType "swiss"]
[EventRounds "7"]
[EventCountry "GER"]
[SourceTitle "CBM 199 Extra"]
[Source "ChessBase"]
[SourceDate "2021.01.31"]
[SourceVersion "1"]
[SourceVersionDate "2021.01.31"]
[SourceQuality "1"]

1. e4 c5 2. Nf3 g6 3. d4 cxd4 4. Nxd4 Bg7 5. c4 Nc6 6. Be3 d6 7. Nc3 Nf6 8. f3 0-0 9. Qd2 Qc7 10. Be2 a6 11. 0-0 Nxd4 12. Bxd4 Be6 13. b3 Rfc8 14. Rad1 Qa5 15. Rc1 Rc7 16. Qe3 Nd7 17. Bxg7 Kxg7 18. Qd4+ Kg8 19. Rc2 Qc5 20. Qxc5 Rxc5 21. Nd5 Bxd5 22. exd5 b5 23. Re1 Kf8 24. Bd3 bxc4 25. bxc4 Ra7 26. Kf2 Rb7 27. Ree2 Rc8 28. Rb2 Rcb8 29. Rxb7 Rxb7 30. Ke3 Rb4 31. Kd4 Nc5 32. Kc3 Ra4 33. Rd2 Ra3+ 34. Kc2 Rxa2+ 35. Kc3 Na4+ 0-1

[Event "DSOL 06 Liga Gr-B 1st"]
[Site "Playchess.com INT"]
[Date "2020.07.16"]
[Round "4.3"]
[White "Muendoerfer, Sebastian"]
[Black "Schillmoeller, Jens"]
[Result "1-0"]
[WhiteElo "1126"]
[BlackElo "1000"]
[PlyCount "95"]
[EventDate "2020.06.22"]
[EventType "team-tourn (rapid)"]
[EventCountry "GER"]
[SourceTitle "EXT 2021"]
[Source "ChessBase"]
[SourceDate "2020.10.23"]
[SourceVersion "1"]
[SourceVersionDate "2020.10.23"]
[SourceQuality "1"]
[WhiteTeam "Rinteln II"]
[BlackTeam "Koeln Muelheim"]
[WhiteTeamCountry "GER"]
[BlackTeamCountry "GER"]

1. d4 e6 2. c4 d5 3. Nc3 Nf6 4. cxd5 exd5 5. Bg5 Be7 6. e3 0-0 7. Bd3 c6 8. Qc2 g6 9. Nf3 Nbd7 10. Bh6 Re8 11. 0-0 Qc7 12. h3 Bf8 13. Bxf8 Kxf8 14. Nb5 Qb8 15. Nc3 Kg7 16. Ne2 Nb6 17. b3 Bd7 18. Ne5 Ne4 19. Bxe4 dxe4 20. Nc4 Nd5 21. a3 f6 22. Nc3 b5 23. Nd2 f5 24. Nxd5 cxd5 25. Qb2 b4 26. Rfc1 Re6 27. axb4 Qxb4 28. Rc7 Re7 29. Raxa7 Rxa7 30. Rxa7 Bb5 31. Rxe7+ Qxe7 32. Nb1 Qb4 33. Qc3 Qd6 34. Qc5 Qd7 35. Nc3 Bd3 36. Qxd5 Qc7 37. Qe5+ Qxe5 38. dxe5 Kf7 39. b4 Ba6 40. b5 Bb7 41. Kh2 Ke6 42. Kg3 Kxe5 43. Kh4 f4 44. Kg5 fxe3 45. fxe3 Bc8 46. Kh6 Kd6 47. Kxh7 Bf5 48. Kh6 1-0

[Event "GER Pfingstopen U12"]
[Site "Playchess.com INT"]
[Date "2020.06.02"]
[Round "6"]
[White "Malinowsky, Levi"]
[Black "Muendoerfer, Sebastian"]
[Result "1-0"]
[WhiteElo "1620"]
[BlackElo "1548"]
[PlyCount "193"]
[EventDate "2020.06.02"]
[EventType "swiss (blitz)"]
[EventRounds "11"]
[EventCountry "GER"]
[SourceTitle "CBM 197 Extra"]
[Source "ChessBase"]
[SourceDate "2020.09.30"]
[SourceVersion "1"]
[SourceVersionDate "2020.09.30"]
[SourceQuality "1"]

1. e4 c5 2. Nf3 g6 3. d4 cxd4 4. Nxd4 Bg7 5. Nc3 Nc6 6. Be3 Nf6 7. Bc4 0-0 8. 0-0 Nxd4 9. Bxd4 b6 10. e5 Nh5 11. Qf3 Rb8 12. g4 Bb7 13. Qe3 e6 14. gxh5 gxh5 15. f3 Qh4 16. Qf2 Qg5+ 17. Qg3 Qxg3+ 18. hxg3 Rbc8 19. Bb3 f6 20. exf6 Bxf6 21. Bxf6 Rxf6 22. f4 Rg6 23. Kf2 Rf8 24. Ke3 d5 25. Ne2 Rgf6 26. c3 e5 27. Kd2 exf4 28. Rxf4 Rxf4 29. Nxf4 Rf5 30. Re1 h4 31. Nh5 Rxh5 32. gxh4 Rxh4 33. Re8+ Kg7 34. Re7+ Kg6 35. Rxb7 Rh2+ 36. Kc1 Rh1+ 37. Bd1 h5 38. Rd7 h4 39. Rxd5 h3 40. Rd8 Kg7 41. Rd4 Kg6 42. Rh4 Kg5 43. Rh8 Kf4 44. Kc2 h2 45. Kb3 Kg3 46. Bc2 Rg1 47. Rg8+ Kf4 48. Rf8+ Kg5 49. Be4 Re1 50. Ba8 Kg6 51. Rc8 Kf6 52. Rc7 Re8 53. Bb7 Rb8 54. Bc6 a5 55. Ra7 Rc8 56. Bh1 Re8 57. Rb7 Re1 58. Rxb6+ Kg7 59. Rb7+ Kg6 60. Bd5 Re5 61. Rb6+ Kf5 62. Rh6 Re2 63. c4 Kg5 64. Rh8 Kf6 65. c5 Ke7 66. Ka3 Re3+ 67. b3 Re2 68. Bc4 Kd7 69. Bxe2 Kc6 70. Rxh2 Kxc5 71. Rh4 Kb6 72. Ka4 Kb7 73. Rh5 Kb8 74. Kxa5 Kc7 75. Rh6 Kd7 76. Bg4+ Ke7 77. Kb6 Kf7 78. Rf6+ Kg7 79. Bh5 Kxf6 80. Bg6 Kxg6 81. a4 Kf6 82. b4 Ke6 83. b5 Kd6 84. a5 Kd7 85. Kb7 Kd6 86. a6 Kc5 87. b6 Kb5 88. a7 Ka5 89. a8Q+ Kb5 90. Kc7 Kc5 91. b7 Kc4 92. b8Q Kc3 93. Qa4 Kd2 94. Qbb3 Ke1 95. Qe4+ Kf1 96. Qd1+ Kf2 97. Qde1# 1-0

[Event "GER-ch NSV Online 1st"]
[Site "Playchess.com INT"]
[Date "2020.04.26"]
[Round "10"]
[White "Hoke, Joshua Sky"]
[Black "Muendoerfer, Sebastian"]
[Result "1/2-1/2"]
[WhiteElo "1545"]
[BlackElo "1785"]
[PlyCount "85"]
[EventDate "2020.04.26"]
[EventType "swiss (blitz)"]
[EventRounds "13"]
[EventCountry "GER"]
[SourceTitle "CBM 196 Extra"]
[Source "ChessBase"]
[SourceDate "2020.07.31"]
[SourceVersion "1"]
[SourceVersionDate "2020.07.31"]
[SourceQuality "1"]

1. e4 c5 2. Nf3 g6 3. c4 Bg7 4. d4 cxd4 5. Nxd4 Nc6 6. Be3 Nf6 7. Nc3 0-0 8. Be2 d6 9. 0-0 Qc7 10. f3 Nd7 11. Nd5 Qd8 12. Rc1 Nxd4 13. Bxd4 Bxd4+ 14. Qxd4 Nc5 15. Rfd1 Bd7 16. b3 Qa5 17. Qb2 Bc6 18. Ne3 Qb6 19. Kh1 Nxe4 20. Ng4 Nf2+ 21. Nxf2 Qxf2 22. Qd2 Qh4 23. Bd3 Rad8 24. Qe2 d5 25. cxd5 Bxd5 26. Bc4 Bxc4 27. Rxc4 Rxd1+ 28. Qxd1 Qf6 29. Re4 Kg7 30. Rd4 e5 31. Rd7 Rb8 32. h3 e4 33. fxe4 Qf4 34. Qd4+ Kg8 35. Rd8+ Rxd8 36. Qxd8+ Kg7 37. Qd4+ Kh6 38. Qc4 f6 39. a4 Qe3 40. Kh2 Qf4+ 41. Kh1 Qe3 42. Kh2 Qf4+ 43. Kh1 1/2-1/2

[Event "GER-ch NSV Online 1st"]
[Site "Playchess.com INT"]
[Date "2020.04.26"]
[Round "3"]
[White "Muendoerfer, Sebastian"]
[Black "Eilert, Marius"]
[Result "0-1"]
[WhiteElo "1785"]
[BlackElo "2069"]
[PlyCount "46"]
[EventDate "2020.04.26"]
[EventType "swiss (blitz)"]
[EventRounds "13"]
[EventCountry "GER"]
[SourceTitle "CBM 196 Extra"]
[Source "ChessBase"]
[SourceDate "2020.07.31"]
[SourceVersion "1"]
[SourceVersionDate "2020.07.31"]
[SourceQuality "1"]

1. d4 Nf6 2. c4 c5 3. d5 b5 4. b3 g6 5. Bb2 Bg7 6. Nc3 bxc4 7. bxc4 0-0 8. Qc2 Na6 9. Ne4 Rb8 10. Nxf6+ exf6 11. a3 Rxb2 12. Qxb2 f5 13. Qb1 Qa5+ 14. Kd1 d6 15. Ra2 Bd7 16. e3 Ba4+ 17. Ke2 Rb8 18. Qc1 Bb3 19. Rd2 Bc3 20. Rd3 Bxc4 21. Nf3 Rb2+ 22. Kd1 Qa4+ 23. Qc2 Qxc2# 0-1

[Event "GER-ch NSV Online 1st"]
[Site "Playchess.com INT"]
[Date "2020.04.26"]
[Round "7"]
[White "Muendoerfer, Sebastian"]
[Black "Noack, Marian"]
[Result "0-1"]
[WhiteElo "1785"]
[BlackElo "1620"]
[PlyCount "76"]
[EventDate "2020.04.26"]
[EventType "swiss (blitz)"]
[EventRounds "13"]
[EventCountry "GER"]
[SourceTitle "CBM 196 Extra"]
[Source "ChessBase"]
[SourceDate "2020.07.31"]
[SourceVersion "1"]
[SourceVersionDate "2020.07.31"]
[SourceQuality "1"]

1. d4 Nf6 2. c4 g6 3. Nf3 Bg7 4. e3 d6 5. Nc3 0-0 6. Bd3 b6 7. Qc2 Bb7 8. Ne4 Nbd7 9. 0-0 Rc8 10. Bd2 d5 11. cxd5 Nxd5 12. Nfg5 c5 13. dxc5 Nxc5 14. Nxc5 Rxc5 15. Qb3 h6 16. Ne4 Rc7 17. Bc4 Nf6 18. Bc3 Nxe4 19. Rfd1 Qc8 20. Bxg7 Kxg7 21. Bd3 Nc5 22. Qc3+ Kg8 23. Rac1 Qe6 24. b4 Na6 25. Qb2 Rxc1 26. Rxc1 Rc8 27. Bxa6 Rxc1+ 28. Qxc1 Bxa6 29. h3 Qc4 30. Qd2 Qd3 31. Qc1 h5 32. Kh2 Bb7 33. Kg1 Qd5 34. f3 Qe5 35. Qe1 Qb5 36. Qd1 Qd5 37. Qe1 e6 38. e4 Qd4+ 0-1

[Event "GER-ch NSV Online 1st"]
[Site "Playchess.com INT"]
[Date "2020.04.26"]
[Round "4"]
[White "Pawlowski, Torsten"]
[Black "Muendoerfer, Sebastian"]
[Result "1-0"]
[WhiteElo "1620"]
[BlackElo "1785"]
[PlyCount "41"]
[EventDate "2020.04.26"]
[EventType "swiss (blitz)"]
[EventRounds "13"]
[EventCountry "GER"]
[SourceTitle "CBM 196 Extra"]
[Source "ChessBase"]
[SourceDate "2020.07.31"]
[SourceVersion "1"]
[SourceVersionDate "2020.07.31"]
[SourceQuality "1"]

1. e4 c5 2. Nf3 g6 3. d3 Bg7 4. g3 Nf6 5. Bg2 0-0 6. Nc3 Qc7 7. 0-0 Nc6 8. Bd2 b6 9. Re1 Bb7 10. Qc1 Rfc8 11. Bf4 d6 12. Bh6 a6 13. Bxg7 Kxg7 14. Qg5 b5 15. Nd5 Nxd5 16. exd5 Nb4 17. Rxe7 Qb6 18. Nh4 Nxc2 19. Nf5+ Kf8 20. Qh6+ Kg8 21. Qg7# 1-0

[Event "GER-ch NSV Online 1st"]
[Site "Playchess.com INT"]
[Date "2020.04.26"]
[Round "6"]
[White "Watermann, Bernd"]
[Black "Muendoerfer, Sebastian"]
[Result "0-1"]
[WhiteElo "1661"]
[BlackElo "1785"]
[PlyCount "134"]
[EventDate "2020.04.26"]
[EventType "swiss (blitz)"]
[EventRounds "13"]
[EventCountry "GER"]
[SourceTitle "CBM 196 Extra"]
[Source "ChessBase"]
[SourceDate "2020.07.31"]
[SourceVersion "1"]
[SourceVersionDate "2020.07.31"]
[SourceQuality "1"]

1. d4 Nf6 2. e3 e6 3. f4 Be7 4. Nf3 0-0 5. Bd3 Nc6 6. c3 d6 7. 0-0 h6 8. Bd2 Bd7 9. Be1 Ng4 10. Qe2 a6 11. Nbd2 b5 12. h3 Nf6 13. Bh4 Nd5 14. Bxe7 Qxe7 15. Ne4 Bc8 16. g4 b4 17. Rac1 Nf6 18. c4 b3 19. axb3 Nb4 20. Nxf6+ Qxf6 21. Be4 d5 22. cxd5 exd5 23. Bb1 Qd6 24. Ne5 Bb7 25. f5 a5 26. Qf3 Ba6 27. Rf2 f6 28. Ng6 Bd3 29. Qf4 Qxf4 30. Rff1 Rfe8 31. Rxf4 Bxb1 32. Rxb1 Nd3 33. Rf3 Nb4 34. Rc1 Nd3 35. Rxc7 Nxb2 36. Re7 Nd3 37. Kg2 Ne1+ 38. Kf2 Nxf3 39. Kxf3 Rxe7 40. Nxe7+ Kf7 41. Nxd5 Rd8 42. e4 Ke8 43. Ke3 Kd7 44. Kd3 Kc6 45. Ne7+ Kd7 46. Nd5 Kc6 47. Kc4 Rd7 48. h4 Rd8 49. b4 axb4 50. Nxb4+ Kc7 51. Nd5+ Kc6 52. Ne7+ Kd6 53. Ng6 Rg8 54. h5 Kd7 55. Kd5 Ra8 56. e5 fxe5 57. Nxe5+ Ke7 58. Ke4 Kf6 59. Nd7+ Ke7 60. Nc5 Rb8 61. Ke5 Rb5 62. Kd5 Kf7 63. Kc6 Rb1 64. d5 Rc1 65. d6 Ke8 66. d7+ Kd8 67. Kd6 Rd1+ 0-1

[Event "Hannover Region-ch U10"]
[Site "Lehrte"]
[Date "2019.10.05"]
[Round "9.2"]
[White "Payyappat, Sayas"]
[Black "Muendoerfer, Sebastian"]
[Result "1-0"]
[WhiteElo "991"]
[BlackElo "925"]
[PlyCount "93"]
[EventDate "2019.10.03"]
[EventType "swiss"]
[EventRounds "11"]
[EventCountry "GER"]
[SourceTitle "EXT 2024"]
[Source "ChessBase"]
[SourceDate "2023.10.10"]
[SourceVersion "1"]
[SourceVersionDate "2023.10.10"]
[SourceQuality "1"]

1. e4 c5 2. Nf3 Nc6 3. Bc4 e6 4. c3 d6 5. d4 cxd4 6. cxd4 Nf6 7. Nc3 d5 8. exd5 exd5 9. Bb5 Bd7 10. Qe2+ Be7 11. Bg5 0-0 12. 0-0 Re8 13. Qd2 a6 14. Be2 h6 15. Bh4 Bg4 16. h3 Bh5 17. Rfe1 Bg6 18. Bd3 Bxd3 19. Qxd3 Rc8 20. Re2 Nb4 21. Qd2 Nc6 22. Rae1 Qd7 23. Re3 Ne4 24. Nxe4 Bxh4 25. Nc5 Qd8 26. Rxe8+ Qxe8 27. Rxe8+ Rxe8 28. Nxh4 a5 29. Nxb7 Rb8 30. Qe2 Nxd4 31. Qd3 Ne6 32. Qxd5 a4 33. Nf5 Kh7 34. Nc5 Rb5 35. b4 axb3 36. axb3 Rxc5 37. Qd3 Kg8 38. Ne7+ Kf8 39. b4 Rg5 40. Nc6 Ke8 41. b5 f6 42. b6 Nc5 43. Qd8+ Kf7 44. Qe7+ Kg6 45. Qe8+ Kf5 46. g4+ Kf4 47. Qe3# 1-0

[Event "Hannover Region-ch U10"]
[Site "Lehrte"]
[Date "2019.10.04"]
[Round "4.2"]
[White "Schmidt, Anton1111"]
[Black "Muendoerfer, Sebastian"]
[Result "0-1"]
[WhiteElo "958"]
[BlackElo "925"]
[PlyCount "68"]
[EventDate "2019.10.03"]
[EventType "swiss"]
[EventRounds "11"]
[EventCountry "GER"]
[SourceTitle "EXT 2024"]
[Source "ChessBase"]
[SourceDate "2023.10.10"]
[SourceVersion "1"]
[SourceVersionDate "2023.10.10"]
[SourceQuality "1"]

1. d4 Nf6 2. Nc3 e6 3. Bf4 Bb4 4. Qd3 Nd5 5. Bd2 Nxc3 6. Bxc3 Bxc3+ 7. Qxc3 0-0 8. Nf3 d5 9. e3 b6 10. Bd3 Bb7 11. 0-0 Qd6 12. Qd2 c5 13. c4 Nc6 14. Be2 dxc4 15. Bxc4 h6 16. Rfd1 cxd4 17. Nxd4 Nxd4 18. Qxd4 Qc6 19. f3 e5 20. Qd5 Qc7 21. Qd3 Rfd8 22. Qc3 Rac8 23. Rxd8+ Qxd8 24. Qb4 a5 25. Qa4 Qd2 26. Qb3 a4 27. Bxf7+ Kh7 28. Qd1 Qxe3+ 29. Kh1 e4 30. fxe4 Qxe4 31. Qb1 Rc2 32. Qg1 Rxg2 33. Qxb6 Rxh2+ 34. Kxh2 Qg2# 0-1

[Event "Hannover Region-ch U10"]
[Site "Lehrte"]
[Date "2019.10.03"]
[Round "3.2"]
[White "Muendoerfer, Sebastian"]
[Black "Sewerinow, Alexander"]
[Result "1-0"]
[WhiteElo "925"]
[BlackElo "993"]
[PlyCount "105"]
[EventDate "2019.10.03"]
[EventType "swiss"]
[EventRounds "11"]
[EventCountry "GER"]
[SourceTitle "EXT 2024"]
[Source "ChessBase"]
[SourceDate "2023.10.10"]
[SourceVersion "1"]
[SourceVersionDate "2023.10.10"]
[SourceQuality "1"]

1. d4 Nf6 2. c4 g6 3. Nc3 Bg7 4. Bg5 d6 5. e3 0-0 6. Bd3 Nc6 7. Qc2 e5 8. Nf3 Re8 9. Nd5 exd4 10. 0-0 h6 11. Bxf6 Bxf6 12. Nxf6+ Qxf6 13. exd4 Bg4 14. Nd2 Nxd4 15. Qc3 Be2 16. Rfe1 Bxd3 17. Qxd3 Rxe1+ 18. Rxe1 c5 19. Qc3 a5 20. Ne4 Qg7 21. Nxd6 b6 22. Qd3 Rd8 23. Ne8 Ne6 24. Nxg7 Rxd3 25. Nxe6 fxe6 26. h3 Kf7 27. Re4 Rd4 28. Rxd4 cxd4 29. Kf1 e5 30. Ke2 Ke6 31. Kd3 Kf5 32. g3 h5 33. a3 g5 34. b4 Ke6 35. f3 Kd6 36. Ke4 Ke6 37. f4 gxf4 38. gxf4 exf4 39. Kxf4 axb4 40. axb4 Kf6 41. Ke4 Kg5 42. c5 bxc5 43. bxc5 Kf6 44. Kxd4 Ke7 45. Ke4 Kd7 46. Kf5 Kc6 47. Kg5 Kxc5 48. Kxh5 Kd6 49. Kg6 Ke7 50. Kg7 Ke6 51. h4 Kf5 52. h5 Kg5 53. h6 1-0

[Event "Langenhagen Summer op 1st"]
[Site "Langenhagen"]
[Date "2019.07.07"]
[Round "7"]
[White "Seeber, Helmut"]
[Black "Muendoerfer, Sebastian"]
[Result "1-0"]
[WhiteElo "1484"]
[BlackElo "926"]
[PlyCount "81"]
[EventDate "2019.07.04"]
[EventType "swiss"]
[EventRounds "7"]
[EventCountry "GER"]
[SourceTitle "EXT 2020"]
[Source "ChessBase"]
[SourceDate "2019.10.17"]
[SourceVersion "1"]
[SourceVersionDate "2019.10.17"]
[SourceQuality "1"]

1. e4 c5 2. Nf3 Nc6 3. d4 cxd4 4. Nxd4 e6 5. Nb5 a6 6. Nd6+ Bxd6 7. Qxd6 Nge7 8. Bf4 0-0 9. c3 h6 10. Be2 Ng6 11. Bg3 b5 12. 0-0 Bb7 13. Nd2 Nce7 14. f3 Nc8 15. Qd4 Qb6 16. Bf2 Qxd4 17. Bxd4 e5 18. Be3 d5 19. Rfd1 Rd8 20. Nb3 Nce7 21. Nc5 Bc6 22. Rd2 Rd6 23. Rad1 a5 24. a3 Rad8 25. Na6 Nf4 26. Kf1 Neg6 27. Kf2 Nxe2 28. Kxe2 Nf4+ 29. Kf2 Ne6 30. Nc5 d4 31. cxd4 Nxd4 32. Nb3 a4 33. Nxd4 exd4 34. Rxd4 Rxd4 35. Rxd4 Rxd4 36. Bxd4 Kf8 37. Ke3 Ke7 38. Bxg7 h5 39. Kf4 Kd6 40. Bd4 Ke6 41. Kg5 1-0